| 000 | 00495nam a2200145Ia 4500 | ||
|---|---|---|---|
| 008 | 231129s1992||||xx |||||||||||||| ||spa|| | ||
| 020 | _a958-9206-29-8 | ||
| 040 | _bspa | ||
| 082 | _a574.526 Q8L | ||
| 100 | _aQuiroz Peralta César A. | ||
| 245 | 0 | _aEl lago titicaca: Análisis peruano-boliviano de las relaciones entre el ambiente y el desarrollo social | |
| 260 | _c1992 | ||
| 264 | _aSecretaria Ejecutiva del convenio Andres Bello | ||
| 942 |
_2ddc _cBKS |
||
| 999 |
_c11442 _d11442 |
||